Statistics for Walking Across Borders - South Africa to Chile

Click here to take the quiz!

General Stats

  • This quiz has been taken 271 times
    (25 since last reset)
  • The average score is 27 of 29

Answer Stats

Continent / AreaCountry% Correct
AfricaBotswana
96%
North AmericaCanada
96%
North AmericaGuatemala
96%
North AmericaMexico
96%
North AmericaUnited States
(Mainland)
96%
AfricaZimbabwe
96%
CaucasusArmenia
92%
South AmericaColombia
92%
North AmericaCosta Rica
92%
Middle EastEgypt
92%
North AmericaEl Salvador
92%
CaucasusGeorgia
92%
North AmericaHonduras
92%
Middle EastIsrael and Palestine
92%
North AmericaNicaragua
92%
North AmericaPanama
92%
South AmericaPeru
92%
Europe / AsiaRussia
92%
AfricaSouth Sudan
92%
AfricaSudan
92%
Middle EastSyria
92%
Middle EastTurkey
92%
North AmericaUnited States
(Alaska)
92%
AfricaZambia
92%
South AmericaArgentina
88%
South AmericaBolivia
88%
South AmericaBrazil
88%
AfricaTanzania
88%
AfricaUganda
88%

Score Distribution

Percentile by Number Answered

Percent of People with Each Score

Your Score History

You have not taken this quiz since the last reset